[Event "Centrocoop June op-A"]
[Site "Eforie Nord "]
[Date "1998.??.??"]
[Round "?"]
[White "Gordin, Maxim"]
[Black "Burdova, Ksenija"]
[Result "1-0"]
[WhiteElo "2150"]
[BlackElo "2000"]
[PlyCount "129"]
[EventDate "1998.06.??"]
[EventType "swiss"]
[EventRounds "11"]
[EventCountry "ROU"]
[SourceTitle "EXT 2000"]
[Source "ChessBase"]
[SourceDate "1999.11.16"]
[SourceVersion "1"]
[SourceVersionDate "1999.11.16"]
[SourceQuality "1"]

1. d4 d5 2. Nf3 e6 3. c4 Nf6 4. Nc3 Be7 5. cxd5 exd5 6. Qc2 0-0 7. Bg5 c6 8. e3 Nbd7 9. Bd3 Re8 10. 0-0 Nf8 11. Rae1 Ng6 12. Ne5 Ng4 13. Bxe7 Rxe7 14. f4 Nf8 15. h3 Nh6 16. f5 f6 17. Nf3 Nf7 18. g4 h6 19. Qf2 b6 20. Nh4 Ng5 21. Qg3 a5 22. Rf2 Ba6 23. Bc2 Qc7 24. Qxc7 Rxc7 25. Kh2 Re8 26. Ng2 Rce7 27. h4 Nf7 28. Kg3 Nd6 29. Kf3 Nb5 30. Nxb5 Bxb5 31. Nf4 Ba6 32. Rg2 Nh7 33. Ba4 Rc8 34. Rc1 b5 35. Bd1 Bb7 36. Ne6 Nf8 37. Nc5 Ba8 38. a4 b4 39. Nb3 Rce8 40. Re2 Nd7 41. Kf2 Re4 42. Re1 Rc8 43. Bf3 Ree8 44. e4 c5 45. exd5 cxd4 46. Rxe8+ Rxe8 47. Nxd4 Ne5 48. Be2 Bxd5 49. Rc5 Rd8 50. Rxa5 Bf7 51. Ke3 Rb8 52. Rc5 Nd7 53. Rb5 Nb6 54. a5 Nd5+ 55. Kd2 Rxb5 56. Nxb5 Be8 57. Bc4 Bxb5 58. Bxb5 Nc7 59. Bc6 Kf7 60. Kd3 Ke7 61. Kc4 Kd6 62. Bb7 Ke5 63. Kxb4 Kf4 64. Kc5 Kxg4 65. Kb6 1-0

[Event "Centrocoop June op-A"]
[Site "Eforie Nord "]
[Date "1998.??.??"]
[Round "?"]
[White "Gordin, Maxim"]
[Black "Diulger, Alexey"]
[Result "0-1"]
[WhiteElo "2150"]
[BlackElo "2180"]
[PlyCount "82"]
[EventDate "1998.06.??"]
[EventType "swiss"]
[EventRounds "11"]
[EventCountry "ROU"]
[SourceTitle "EXT 2000"]
[Source "ChessBase"]
[SourceDate "1999.11.16"]
[SourceVersion "1"]
[SourceVersionDate "1999.11.16"]
[SourceQuality "1"]

1. d4 d5 2. Nf3 Nf6 3. c4 e6 4. Nc3 c6 5. Bg5 h6 6. Bh4 g5 7. Bg3 dxc4 8. e4 b5 9. a4 Bb4 10. e5 Nd5 11. Qc2 Qa5 12. Rc1 Nd7 13. Nd2 Qb6 14. Be2 a6 15. 0-0 Qxd4 16. Nde4 Bb7 17. Rcd1 Qb6 18. Bh5 Rf8 19. h4 Be7 20. hxg5 hxg5 21. Nd6+ Bxd6 22. exd6 0-0-0 23. Qd2 N7f6 24. Bf3 g4 25. Bxd5 Nxd5 26. Be5 f6 27. Bg3 Rh8 28. Qe2 e5 29. axb5 axb5 30. Qxg4+ Kb8 31. Qg7 Rhg8 32. Nxd5 cxd5 33. Qc7+ Qxc7 34. dxc7+ Kxc7 35. Bh4 Rg6 36. f4 Rh8 37. Be1 d4 38. Rf2 Rgh6 39. Re2 Be4 40. Rc1 Rh1+ 41. Kf2 R1h2 0-1

[Event "Centrocoop June op-A"]
[Site "Eforie Nord "]
[Date "1998.??.??"]
[Round "?"]
[White "Gordin, Maxim"]
[Black "Tkachenko, Vadim"]
[Result "1-0"]
[WhiteElo "2150"]
[BlackElo "2000"]
[PlyCount "67"]
[EventDate "1998.06.??"]
[EventType "swiss"]
[EventRounds "11"]
[EventCountry "ROU"]
[SourceTitle "EXT 2000"]
[Source "ChessBase"]
[SourceDate "1999.11.16"]
[SourceVersion "1"]
[SourceVersionDate "1999.11.16"]
[SourceQuality "1"]

1. d4 Nf6 2. c4 c5 3. d5 e6 4. Nc3 exd5 5. cxd5 g6 6. e4 d6 7. Nf3 Bg4 8. Be2 Bxf3 9. Bxf3 Bg7 10. 0-0 0-0 11. Bf4 a6 12. a4 Qc7 13. e5 dxe5 14. d6 Qd7 15. Bxe5 Nc6 16. Bxf6 Bxf6 17. Ne4 Be5 18. Nxc5 Qxd6 19. Qxd6 Bxd6 20. Nxb7 Bxh2+ 21. Kxh2 Nd4 22. Bd5 Rab8 23. Rac1 Rbc8 24. Rfe1 Rxc1 25. Rxc1 Kg7 26. Rc7 Kf6 27. b4 h5 28. Nc5 Kg5 29. Rxf7 Rd8 30. Be4 Rd6 31. Bd3 Rb6 32. Nxa6 Nc6 33. a5 Ne5 34. f4+ 1-0